00292nam a22000977a 4500008004100000082001100041100002800052245008700080260000900167300001800176230522b |||||||| |||| 00| 0 eng d a362.29 aDepartment of Education aDrug abuse prevention integrated in scouting kit,bNational Drug Education Program c2003 a274 p.c25 cm